7 mejores cuentos [de Julio Verne] /
La serie de ebook 7 Mejores Cuentos recopila los relatos más queridos de los autores más importantes de la literatura universal, como Horacio de Quiroga, Bram Stoker y León Tolstoi. Una colección atemporal para adentrarse en los cuentos clásicos universales.
I tiakina i:
| Kaituhi matua: | |
|---|---|
| Ētahi atu kaituhi: | |
| Hōputu: | Pukapuka |
| Reo: | Pāniora |
| I whakaputaina: |
Vachendorf, Alemania :
Tacet Books,
2020, c2020
|
| Rangatū: | (7 Mejores Cuentos ;
46) |
| Ngā marau: | |
| Urunga tuihono: | Ver documento en línea |
| Ngā Tūtohu: |
Kāore He Tūtohu, Me noho koe te mea tuatahi ki te tūtohu i tēnei pūkete!
|
MARC
| LEADER | 00000nam^a2200000^a^4500 | ||
|---|---|---|---|
| 001 | 000590390 | ||
| 005 | 20251023000000.0 | ||
| 009 | 20260310132907.624 | ||
| 020 | |a 9783967999389 | ||
| 037 | |a Acervo ITESO - Biblioteca | ||
| 041 | |a ESP | ||
| 082 | |a 843. |b VER | ||
| 100 | |a Verne, Jules |e (autor) | ||
| 240 | 1 | 4 | |a [La jornada de un periodista americano en 2889] |
| 240 | 1 | 4 | |a [Un drama en los aires] |
| 240 | 1 | 4 | |a [Un drama en México: los primeros navíos mexicanos] |
| 245 | 1 | 0 | |a 7 mejores cuentos [de Julio Verne] / |c J. Verne ; ed. de A. Nemo. |
| 264 | 4 | |a Vachendorf, Alemania : |b Tacet Books, |c 2020, c2020 | |
| 264 | 2 | |a Cartagena, España : |b Odilo [distribución], |c 2024 | |
| 300 | |a 1 libro electrónico en línea (70 p.) | ||
| 300 | |a 1 recurso en línea | ||
| 336 | |a datos para computadora |b cod |2 rdacontenido | ||
| 337 | |a computadora |b c |2 rdamedio | ||
| 338 | |a recurso en línea |b cr |2 rdasoporte | ||
| 440 | 1 | |a (7 Mejores Cuentos ; |v 46) | |
| 506 | 1 | |a 1 licencia | |
| 520 | |a La serie de ebook 7 Mejores Cuentos recopila los relatos más queridos de los autores más importantes de la literatura universal, como Horacio de Quiroga, Bram Stoker y León Tolstoi. Una colección atemporal para adentrarse en los cuentos clásicos universales. | ||
| 521 | |a Odilo 2024 EEnlace Departamento de Matemáticas y Física | ||
| 545 | 0 | |a Nacido en 1828 en Nantes, el frances Jules Verne cursó estudios de Derecho en París, pero incursionó desde su época universitaria en la escritura teatral y su comedia Las pajas rotas fue representada con éxito en 1850. Empero, su popularidad -a la postre mundial- se cimenta con Cinco semanas en globo (1863), título fundacional de la novela de aventuras sustentada en el progreso científico, publicada tres meses después de lograr un acuerdo con el editor Jules Hetzel. A partir de entonces, crea con un esquema narrativo perfeccionado a lo largo de cuatro décadas la serie de Viajes extraordinarios a través de los mundos conocidos y desconocidos, compuesta por más de 60 volúmenes aparecidos entre 1863 y 1911, que entremezclan la divulgación y la anticipación científico-tecnológica y escenarios exóticos y remotos. Viaje al centro de la Tierra (1864), De la Tierra a la Luna (1865), El capitán Hatteras (1866), Los hijos del capitán Grant (1867-1868), Veinte mil leguas de viaje submarino (1869-1870), Alrededor de la Luna (1870), La vuelta al mundo en ochenta días (1873), La isla misteriosa (1874) y Miguel Strogoff (1876) son algunos de los títulos más famosos de la extensa serie. A veces percibido como un admirador ingenuo de la ciencia, Verne escribió en su etapa tardía novelas que reflejan una visión problemática frente a la sabiduría y perfectibilidad del hombre moderno, como las póstumas El eterno Adán (1910) y La extraordinaria aventura de la misión Barsac (1919). Establecido definitivamente en la provincia francesa, tras abandonar París en 1872, con interrupciones para realizar largos viajes por mar, este precursor de la ciencia ficción y uno de los más reputados autores de la literatura fantástica falleció en Amiens en 1905. | |
| 649 | |a XX | ||
| 650 | |a Cuentos Fantásticos - |z Francia | ||
| 650 | |a Cuentos Franceses | ||
| 650 | |a Literatura de Ciencia-Ficción - |z Francia | ||
| 650 | |a Literatura Fantástica - |z Francia | ||
| 650 | |a Literatura Francesa - |y Siglo XIX | ||
| 700 | |a Nemo, August |e (edición) | ||
| 740 | 3 | |a Un expreso del futuro / |c J. Verne. | |
| 740 | 0 | |a En el siglo XXIX: la jornada de un periodista norteamericano en el 2889 / |c J. Verne. | |
| 740 | 0 | |a Frritt Flacc / |c J. Verne. | |
| 740 | 0 | |a San Carlos / |c J. Verne. | |
| 740 | 0 | |a Gil Braltar / |c J. Verne. | |
| 740 | 3 | |a Un drama en los aires / |c J. Verne. | |
| 740 | 3 | |a Un drama en México / |c J. Verne. | |
| 856 | 4 | 0 | |u https://iteso-odilotk-es.ezproxy.iteso.mx/info/03899237 |y Ver documento en línea |
| 910 | |a Fondo General | ||
| 920 | |a Electrónicos - Libros en Línea | ||
| 930 | |a Plataforma Digital | ||
| 940 | |a Literatura | ||
| 905 | |a 205 | ||
| 901 | |a 590390-1 |b IT2 |c EBO |i C |u 20250521 | ||
| 902 | |a https://opac.biblio.iteso.mx/vufind/Record/000590390 | ||